Politics and the people in search of a humane India. 2 Vol (Record no. 1389380)

MARC details
000 -LEADER
fixed length control field 00659nam a2200217Ia 4500
005 - DATE AND TIME OF LATEST TRANSACTION
control field 20250508164504.0
008 - FIXED-LENGTH DATA ELEMENTS--GENERAL INFORMATION
fixed length control field 008 250505s9999 xx 000 0 eng d
020 ## - INTERNATIONAL STANDARD BOOK NUMBER
International Standard Book Number 1-874166-08-0
037 ## - SOURCE OF ACQUISITION
Stock number Textual
040 ## - CATALOGING SOURCE
Original cataloging agency FEDL
Language of cataloging eng
Transcribing agency FEDL
041 ## - LANGUAGE CODE
Language code of text/sound track or separate title eng
Source of code eng
084 ## - COLON CLASSIFICATION NUMBER
Classification number 320.954, KOT
Assigning agency FEDL
100 ## - MAIN ENTRY--PERSONAL NAME
Personal name Kothari Rajni
245 #0 - TITLE STATEMENT
Title Politics and the people in search of a humane India. 2 Vol
260 ## - PUBLICATION, DISTRIBUTION, ETC.
Place of publication, distribution, etc. Delhi, India
Name of publisher, distributor, etc. Ajanta Publications
Date of publication, distribution, etc. 1989
300 ## - PHYSICAL DESCRIPTION
Extent 535p.
546 ## - LANGUAGE NOTE
Language note MACESE; Vol. 1. Rs. 250/- and Vol. 2. Rs. 200/-
650 ## - SUBJECT ADDED ENTRY--TOPICAL TERM
Topical term or geographic name entry element Politics - India
9 (RLIN) 778280
942 ## - ADDED ENTRY ELEMENTS (KOHA)
Koha item type Textual
Classification part 320.954, KOT
Holdings
Withdrawn status Lost status Damaged status Not for loan Home library Current library Date acquired Total Checkouts Full call number Barcode Date last seen Price effective from Koha item type
        Department of Education Library Department of Education Library 2025-05-08   320.954, KOT EL0083005 2025-05-08 2025-05-08 Textual
Copyright @ Delhi University Library System